000 00213 a2200097 4500
001 58222
100 _a
245 _aPower electronics
260 _aNew Delhi
_bTata McGraw-Hill
_c
090 _c35722
_d35722
942 _aNUST-CAE
_cMONOGRAPH
_c28583
999 _c293295
_d293295